| 000 -LEADER |
| fixed length control field |
00743nam a22001577a 4500 |
| 003 - CONTROL NUMBER IDENTIFIER |
| control field |
OSt |
| 005 - DATE AND TIME OF LATEST TRANSACTION |
| control field |
20150917103103.0 |
| 008 - FIXED-LENGTH DATA ELEMENTS--GENERAL INFORMATION |
| fixed length control field |
150917b xxu||||| |||| 00| 0 eng d |
| 040 ## - CATALOGING SOURCE |
| Transcribing agency |
RUA |
| 082 ## - DEWEY DECIMAL CLASSIFICATION NUMBER |
| Classification number |
AGR MEA 2005 B031 Or.1 |
| 100 ## - MAIN ENTRY--PERSONAL NAME |
| 9 (RLIN) |
648 |
| Personal name |
MEAS, CHANNTY. |
| 245 ## - TITLE STATEMENT |
| Title |
Effect of flooding on livelihoods of people living near viet nam dam in takeo province ឥទ្ធិពលគ្រោះមហន្ដរាយទឹកជំនន់ទៅលើប្រព័ន្ធចិញ្ចឹមជីវិត របស់ប្រជាជនរស់នៅជិតទំនប់វៀតណាម ក្នុងខេត្ដតាកែវ |
| 260 ## - PUBLICATION, DISTRIBUTION, ETC. (IMPRINT) |
| Place of publication, distribution, etc. |
Phnom Penh |
| Name of publisher, distributor, etc. |
RUA |
| Date of publication, distribution, etc. |
2005 |
| 300 ## - PHYSICAL DESCRIPTION |
| Extent |
xi; 47p. |
| Other physical details |
ill. |
| Dimensions |
29cm. |
| 942 ## - ADDED ENTRY ELEMENTS (KOHA) |
| Source of classification or shelving scheme |
|
| Koha item type |
AGR |